000 00967naa a2200301 c 4500
001 29879
003 ES-MaCES
005 19990125184800.0
008 960624n1996 fr ||| | eng d
035 _aCES19980038247v
040 _aES-MaCES
_bspa
_cES-MaCES
100 1 _aPanush, Noemi
_920331
245 1 0 _aPotential demography
_b: a second look
_cN. Panush and E. Peritz
500 _aResumen en inglés y francés
504 _aBibliografía: p. 38-39
650 4 _aestudio de casos
_928846
650 4 _ametodología
_928842
650 4 _amortalidad
_928506
650 4 _ariesgo
_929564
650 4 _agrupo de edad
_928515
650 4 _aesperanza de vida
_929809
653 1 0 _aCiencias Sociales-Políticas
700 1 _aPeritz, E.
_920875
773 0 _tEuropean journal of population
_gVol. 12, no. 1 (1996) ; p. 27-29
_w(ES-MaCES)25397
902 _aART Artículo de revista
942 _2CES
_cAR
_h7.0.
999 _c29879
_d29879